000 00295nam a2200109Ia 4500
008 220204s9999 xx 000 0 und d
082 _a159.9
_bGLO
100 _aGlover, Leland E
245 0 _aHow to marry someone you can live with all your life
260 _aNew delhi
_bVikas
_c1978
942 _cBK
999 _c32958
_d32958